|
|
|
|
| LEADER |
00000nam a2200000 a 4500 |
| 001 |
UCG1202 |
| 003 |
CL-VaPUC |
| 008 |
100429e20090000CL |||||||||||||||||spa|d |
| 020 |
|
|
|a 9789562391566
|
| 082 |
0 |
4 |
|a Ch863
|b FUG
|2 21
|
| 100 |
0 |
|
|a Fuguet, Alberto
|e author
|9 548978
|
| 245 |
1 |
0 |
|a Tinta roja
|
| 250 |
|
|
|a 5a. ed
|
| 300 |
|
|
|a 407 p
|
| 942 |
|
|
|c BK
|
| 945 |
|
|
|d 20100429 00:00:00
|a rbrito
|
| 260 |
|
|
|a Santiago
|b Aguilar
|c 2009
|
| 650 |
|
0 |
|a Novelas chilenas
|9 265425
|
| 583 |
|
|
|a last modification
|c 20100429 00:00:00
|k Rodrigo Vera
|
| 490 |
0 |
|
|a Narrativa
|
| 999 |
|
|
|c 340612
|d 340610
|
| 952 |
|
|
|0 0
|1 0
|4 0
|6 CH_863_000000000000000_FUG_2009
|7 0
|8 A
|9 435472
|a BIBEDU
|b BIBEDU
|d 2019-11-22
|i 4667751
|o Ch863 FUG 2009
|p 4667751
|r 2019-11-22
|w 2019-11-22
|y BK
|k LIT
|